000 00287nam a22001337a 4500
008 250312b |||||||| |||| 00| 0 eng d
020 _a9789354668418
040 _a02
100 _aRAJE,VN
245 _aPHARMA SUCESS
260 _aNEW DELHI
_bCBS
_c2024
300 _a440
942 _c01
999 _c65362
_d65362